Sanat - "Ihana kipu" - Viivi & Robin Packalen - Statistics

Yleistilastot
  • Tätä visaa on pelattu 251 kertaa
  • Keskiarvotulos 184 / 248
Vastaustilastot
Vastaus % Oikein
ihana
99%
kipu
99%
ku
94%
94%
94%
tää
92%
se
91%
kun
90%
oot
90%
et
89%
ja
89%
Ja
89%
kaikki
89%
niin
89%
pilaat
89%
sen
89%
muut
87%
nätti
87%
on
86%
sun
85%
Sun
85%
poistamaan
82%
tyhjyys
80%
lähdit
79%
Vaan
79%
vaan
79%
Täältä
78%
mut
77%
Mut
77%
Tuutko
77%
tilallasi
75%
outo
69%
liian
67%
Heti
66%
tiesin
66%
tuntuu
66%
voisin
66%
ois
65%
tähtiin
65%
hani
64%
tuntei
64%
hoitamaan
63%
ollu
63%
siit
63%
tilata
63%
liput
62%
sekunnin
62%
me
61%
yltyy
61%
aivan
60%
vasta
60%
nähtiin
59%
Tuuthan
59%
kyydissä
58%
jo
57%
poissa
57%
kaupassa
55%
nyt
55%
Nyt
55%
Ennen
54%
kaukana
54%
oisin
54%
15
52%
vaik
52%
mietin
51%
oli
51%
käymään
50%
soittaa
50%
aikaisin
48%
fiilis
47%
jos
47%
menisit
47%
Mul
46%
laittaisin
45%
millon
45%
pikaliimaa
45%
voin
45%
liikaa
43%
Tulisko
43%
viestii
43%
meidän
42%
sulle
41%
välil
41%
40%
metrikin
39%
Viime
39%
Sillonkin
37%
Tai
33%
taas
30%
juteltiin
26%
Nukuttiinkohan
25%
tuntiikaan
25%
Aamuyöhön
21%
Ehtoja vastaavia visoja ei löytynyt
Tulosjakauma
Jokaisen tuloksen saaneiden osuus
Persentiili vastausten määrän mukaan
Tuloshistoriasi
Et ole pelannut tätä visaa